Cálculo: varias variables

Сохранить в:
Библиографические подробности
Главные авторы: Thomas, George Brinton (Автор), Finney, Ross L (Автор)
Формат:
Язык:испанский
Опубликовано: Ciudad de México Addison Wesley Longman 1999
Редактирование:9a. ed
Предметы:
Метки: Добавить метку
Нет меток, Требуется 1-ая метка записи!

MARC

LEADER 00000nam a2200000 a 4500
001 UCI7777
003 CL-VaPUC
008 080725e19990000MX |||||||||||||||||spa|d
020 |a 9684443447 
082 0 4 |a 515.84  |b THO  |2 21 
100 0 |a Thomas, George Brinton  |e author  |9 531053 
700 0 |a Finney, Ross L  |e author  |9 531054 
245 1 0 |a Cálculo: varias variables 
250 |a 9a. ed 
300 |a pág. irreg 
942 |c BK 
945 |d 20080725 00:00:00  |a rbrito 
260 |a Ciudad de México  |b Addison Wesley Longman  |c 1999 
650 0 |a Cálculo  |9 260234 
650 0 |a Vectores  |9 317184 
650 0 |a Geometría   |9 264063 
650 0 |a Funciones   |9 263869 
650 0 |a Derivadas  |9 354237 
650 0 |a Integrales   |9 260233 
583 |a last modification  |c 20130401 11:32:18  |k Rodrigo Vera 
999 |c 330924  |d 330922 
952 |0 0  |1 0  |2 ddc  |4 0  |6 515_840000000000000_THO_1999  |7 0  |8 A  |9 416857  |a BIBING  |b BIBING  |c RES  |d 2019-11-22  |h v.2  |i 4459881  |l 5  |m 2  |o 515.84 THO 1999  |p 4459881  |r 2025-01-20  |s 2024-08-20  |w 2019-11-22  |y BK  |k EIE